American Horror Story: Murder House Characters - Statistics

General Stats
  • This quiz has been taken 152 times
  • The average score is 13 of 20
Answer Stats
Description Character % Correct
Mentally disturbed teenage ghost with a dark secret who resides in the Murder House Tate Langdon
100%
Troubled teenage daughter of ^'s who is unhappy about the move to Los Angeles Violet Harmon
99%
Psychiatrist and husband of ^ with a past that won't leave him alone Dr. Benjamin Harmon
93%
Nosy next door neighbor who knows more about the Murder House then she lets on Constance Langdon
89%
Wife who moves into the Murder House for a new start Vivien Harmon
87%
Daughter of #6 with Down Syndrome who gives ominous warnings of those who enter the Murder House Adelaide Langdon
82%
Ghost housekeeper of the Murder House that appears as an old woman to women, but a young attractive woman to men Moira O'Hara
81%
Socialite wife of ^ who haunts the Murder House Nora Montgomery
75%
Emotionally unstable former lover of #2 with rejection problems Hayden McClaine
72%
Successful doctor with a Frankenstein complex and original owner of the Murder House in the 1920's Dr. Charles Montgomery
70%
A psychic hired by #6 to help get a ghost to move on to the afterlife Billie Dean Howard
63%
Ghost son of #6 with craniodiaphyseal dysplasia who was locked up the the attic for most of his life Beauregard Langdon
61%
Heavily scarred burn-victim and former owner of the Murder House with terminal brain cancer seeking vengeance Larry Harvey
61%
Controlling but lonely ghost who previously owned the Murder House Chad Warwick
54%
Houses previous owner and boyfriend of ^ Patrick
47%
Son of the original owners of the Murder House who was reconstructed and brought back to life, but with a thirst for blood Thaddeus Montgomery
44%
Realtor who sells the Murder House to the family Marcy
43%
Wannabe actor and lover of #6 Travis Wanderly
35%
Security patrol officer hired by the family to protect them Luke
25%
Ghost who set her and her two daughters on fire in the house and ex-wife of #5 Lorraine Harvey
18%
No matching quizzes found
Score Distribution
Percent of People with Each Score
Percentile by Number Answered
Your Score History
You have not taken this quiz